The Coptic life of Aaron : critical edition, translation and commentary /

"The Life of Aaron is one of the most interesting and sophisticated hagiographical works surviving in Coptic. The work contains descriptions of the lives of ascetic monks, in particular Apa Aaron, on the southern Egyptian frontier in the fourth and early fifth centuries, and was probably writte...

وصف كامل

محفوظ في:

مؤلفون آخرون: Dijkstra, Jitse H. F. (المحرر, المترجم), Vliet, Jacques van der, 1952- (المحرر, المترجم)

التنسيق: كتاب الكتروني

اللغة: English

منشور في: Leiden Boston : BRILL, 2020.

سلاسل: Vigiliae Christianae, Supplements; volume 155.
Vigiliae Christianae Supplements Online, Supplement 2019, ISBN: 9789004390980.

الموضوعات:

الوصول للمادة أونلاين: Login to view Source

الوسوم: إضافة وسم

لا توجد وسوم, كن أول من يضع وسما على هذه التسجيلة!

رقم الطلب: BX4662 .C67 2020

LEADER 02811cam a2200469 i 4500
001 BRILL9789004413016
003 nllekb
005 20210602101358.0
006 m d
007 cr un uuuua
008 191120s2020 mau 000 0 eng
020 |a 9789004413016  |q (electronic book) 
020 |z 9789004413009  |q (print) 
024 7 |a 10.1163/9789004413016  |2 DOI 
035 |a (OCoLC)1127950424 
040 |a NL-LeKB  |c NL-LeKB  |e rda 
050 0 0 |a BX4662  |b .C67 2020 
072 7 |a HRC  |2 bicssc 
072 7 |a REL  |x 70000  |2 bisacsh 
082 0 0 |a 270.2092  |2 23 
245 0 4 |a The Coptic life of Aaron :  |b critical edition, translation and commentary /  |c by Jitse H.F. Dijkstra, Jacques van der Vliet. 
264 1 |a Leiden Boston :  |b BRILL,  |c 2020. 
300 |a 1 online resource. 
336 |a text  |b txt  |2 rdacontent 
337 |a unmediated  |b n  |2 rdamedia 
338 |a volume  |b nc  |2 rdacarrier 
490 1 |a Vigiliae Christianae, Supplements;  |v volume 155 
490 1 |a Vigiliae Christianae Supplements Online, Supplement 2019, ISBN: 9789004390980 
505 0 |a Introduction -- Text and Translation -- Commentary -- Bibliography -- Index of Written Sources -- Index of Names -- Index of Egyptian Coptic Words-- Index of Greek Loan Words -- General Index -- Figures. 
520 |a "The Life of Aaron is one of the most interesting and sophisticated hagiographical works surviving in Coptic. The work contains descriptions of the lives of ascetic monks, in particular Apa Aaron, on the southern Egyptian frontier in the fourth and early fifth centuries, and was probably written in the sixth century. Even though the first edition of this work was already published by E.A. Wallis Budge in 1915, a critical edition remained outstanding. In this book Jitse H.F. Dijkstra and Jacques van der Vliet present not only a critical text, for the most part based on the only completely preserved, tenth-century manuscript, but also a new translation and an exhaustive commentary addressing philological, literary and historical aspects of the text". 
650 0 |a Christian hagiography. 
650 0 |a Coptic language  |v Texts. 
650 0 |a Coptic paleography. 
700 1 |a Dijkstra, Jitse H. F.,  |e editor,  |e translator. 
700 1 |a Vliet, Jacques van der,  |d 1952-  |e editor,  |e translator. 
776 0 8 |i Print version:  |t The Coptic life of Aaron: critical edition, translation and commentary,   |d Leiden Boston: BRILL, 2020  |w 9789004413009 
830 0 |a Vigiliae Christianae, Supplements;  |v volume 155. 
830 0 |a Vigiliae Christianae Supplements Online, Supplement 2019, ISBN: 9789004390980. 
856 4 |z DOI:   |u http://dx.doi.org/10.1163/9789004413016 
942 |c EBOOK 
952 |0 0  |1 0  |4 0  |7 1  |9 14327  |a BRILL  |b BRILL  |d 2021-06-02  |l 0  |r 2021-06-02 00:00:00  |w 2021-06-02  |y EBOOK 
999 |c 35777  |d 35777